000 00867nam a2200253Ia 4500
003 OSt
005 20221005110506.0
006 a|||||r|||| 00| 0
007 ta
008 221004b |||||||| |||| 00| 0 hin d
024 _a107279
037 _cTextual
040 _aCRL
_cCRL
_bhin
041 _2hin
_ahin
082 _aO111,3N09x, 152M5
100 _aविमला मोहन, संपा.
245 0 _aराजाराव की कहानियॉं
246 _aRājārāv kī kahāniyaॉan
260 _aनई दिल्ली
_bनेशनल पब्लिशिंग हाउस भारत
_c1985
300 _a88पृ0
_ccm.
650 _aहिन्दी साहित्य
942 _hO111,3N09x, 152M5
_cTEXL
_2cc
999 _c1018996
_d1018996